Το πολιτισμικό σύστημα : ο σημειωτικός και επικοινωνιακός χαρακτήρας του
Αποθηκεύτηκε σε:
| Κύριος συγγραφέας: | |
|---|---|
| Μορφή: | Βιβλίο |
| Γλώσσα: | Greek |
| Δημοσίευση: |
Αθήνα :
Γρηγορόπουλος,
1980
|
| Θέματα: | |
| Ετικέτες: |
Προσθήκη ετικέτας
Δεν υπάρχουν, Καταχωρήστε ετικέτα πρώτοι!
|
MARC
| LEADER | 00000nam a2200000 i 4500 | ||
|---|---|---|---|
| 001 | 1/85080 | ||
| 008 | 960301s1980 gre d | ||
| 035 | |l 10006180 | ||
| 040 | |a GR-MY-UA |b gre |e aacr | ||
| 041 | 0 | |a gre | |
| 082 | 0 | |a 306 | |
| 100 | 1 | |a Γκιζέλης, Γρηγόρης. | |
| 245 | 1 | 3 | |a Το πολιτισμικό σύστημα : |b ο σημειωτικός και επικοινωνιακός χαρακτήρας του / |c Γρηγόρης Γκιζέλης |
| 260 | |a Αθήνα : |b Γρηγορόπουλος, |c 1980 | ||
| 300 | |a 97 σ. | ||
| 650 | 0 | 0 | |a Culture. |
| 650 | 0 | 0 | |a Civilization. |
| 852 | |a INST |b LESVOS |e 19960301 |h 306 ΓΚΙ |p 005100007129 |q 005100007129 |t BK |y 0 | ||
| 909 | |a Λ |b 008809 | ||